Con la primera brigada de caballería del ejército del norte, en 1847 /

El estudio se tomó del volumen 4, tomo 1 de las Memorias de la Academia Mexicana de la Historia, como un anticipo a la Conmemoración de la Batalla de Angostura.

Guardat en:
Dades bibliogràfiques
Autor principal: Izquierdo, Joaquín J. (autor)
Format: Llibre
Idioma:espanyol
Matèries:
Etiquetes: Afegir etiqueta
Sense etiquetes, Sigues el primer a etiquetar aquest registre!

MARC

LEADER 00000nam^a2200000^a^4500
001 000130533
005 20250521000000.0
009 20260310094951.669
037 |a Acervo ITESO - Biblioteca 
041 |a ESP 
082 |a 972. 0441  |b IZQ 
100 |a Izquierdo, Joaquín J.  |e (autor) 
245 1 0 |a Con la primera brigada de caballería del ejército del norte, en 1847 /  |c J.J. Izquierdo. 
264 |a México :  |b Academia Mexicana de la Historia,  |c 1945 
300 |a p. 51-84 
336 |a texto  |b txt  |2 rdacontenido 
337 |a sin mediación  |b n  |2 rdamedio 
338 |a volumen  |b nc  |2 rdasoporte 
520 |a El estudio se tomó del volumen 4, tomo 1 de las Memorias de la Academia Mexicana de la Historia, como un anticipo a la Conmemoración de la Batalla de Angostura. 
649 |a XX 
650 |a México -  |x Historia -  |y Batalla de la Angostura, 1847 
650 |a México -  |x Historia -  |y Invasión Norteamericana, 1846-1848 
650 |a México -  |x Historia -  |y Federalismo, 1846-1853 
650 |a México -  |x Historia -  |y Federalismo y Centralismo, 1824-1853 
650 |a México -  |x Historia -  |y Siglo XIX 
910 |a Fondo Salvador Reynoso Reynoso 
920 |a Impresos - Libros 
930 |a Fondos Especiales 
905 |a 112 
901 |a 0800012019  |b IT2  |c ESP  |u 20250521 
902 |a https://opac.biblio.iteso.mx/vufind/Record/000130533